La evolución contemporánea de los países árabes / (Record no. 143371)
[ view plain ]
| 000 -LEADER | |
|---|---|
| campo de control de longitud fija | 00640nam a2200169 4500 |
| 001 - NÚMERO DE CONTROL | |
| campo de control | 143371 |
| 003 - IDENTIFICADOR DE NÚMERO DE CONTROL | |
| campo de control | ES-MaACL |
| 005 - FECHA Y HORA DE LA ÚLTIMA TRANSACCIÓN | |
| campo de control | 20230906200807.0 |
| 007 - CAMPO FIJO DE DESCRIPCIÓN FÍSICA--INFORMACIÓN GENERAL | |
| campo de control de longitud fija | t| |
| 008 - DATOS DE LONGITUD FIJA--INFORMACIÓN GENERAL | |
| campo de control de longitud fija | 070214s1956 mr r ||||1| spa d |
| 100 1# - ENTRADA PRINCIPAL--NOMBRE DE PERSONA | |
| Nombre de persona | Serrano de Lababidy, María del Pilar. |
| 9 (RLIN) | 105749 |
| 245 13 - MENCIÓN DEL TÍTULO | |
| Título | La evolución contemporánea de los países árabes / |
| Mención de responsabilidad, etc. | por Mª del Pilar Serrano de Lababidy. |
| 260 ## - PUBLICACIÓN, DISTRIBUCIÓN, ETC. | |
| Lugar de publicación, distribución, etc. | Tetuán : |
| Nombre del editor, distribuidor, etc. | Alta Comisaría de España en Marruecos, |
| Fecha de publicación, distribución, etc. | 1956 ( |
| Fabricante | Imp. del Mazjén) |
| 300 ## - DESCRIPCIÓN FÍSICA | |
| Extensión | 225 p., 8 h. ; |
| Dimensiones | 24 cm + |
| Material acompañante/anejo | VIII gráf. |
| 710 2# - ENTRADA AGREGADA--NOMBRE DE ENTIDAD CORPORATIVA | |
| Nombre de entidad corporativa o nombre de jurisdicción como elemento de entrada | Marruecos (Protectorado Español). |
| Unidad subordinada | Alta Comisaría. |
| 9 (RLIN) | 5651 |
| 852 ## - LOCALIZACIÓN | |
| Ubicación | ES-MaACL |
| Número de control de estantería | C-10897 |
| Sublocalización o colección | R.38815 |
| Estatus retirado | Estado de pérdida | Estado de daño | No para préstamo | Biblioteca de origen | Biblioteca actual | Ubicación en estantería | Fecha de adquisición | Fuente de adquisición | Total de préstamos | Signatura topográfica completa | Código de barras | Visto por última vez | Precio de reemplazo | Tipo de ítem Koha |
|---|---|---|---|---|---|---|---|---|---|---|---|---|---|---|
| Biblioteca del Ateneo de Madrid | Biblioteca del Ateneo de Madrid | Sala Palomar | 17/01/2008 | C-10897 | 1149166 | 23/02/2023 | 23/02/2023 | Libro impreso |
